000 00601cam a22002053a 4500
001 44187
003 PGUSA
005 20140828084017.0
008 131115s2013||||xxu|||||s|||||000 | eng d
040 _aPGUSA
_beng
042 _adc
100 1 _aRobida, Albert,
_d1848-1926
245 1 0 _aMesdames Nos Aïeules :
_bdix siècles d'élégances
_h[electronic resource] /
_cAlbert Robida
260 _bProject Gutenberg,
_c2013
506 _aPublic domain in the USA.
516 _aElectronic text
830 0 _aProject Gutenberg
_v44187
856 4 0 _uhttp://www.gutenberg.org/ebooks/44187
942 _cEB
999 _c273438
_d273438